000
00309nam a22001337a 4500
008
171013b xxu||||| |||| 00| 0 eng d
020
_a
9780415910576
041
_a
eng
080
_a
316
100
_a
51
101
_a
SOC
245
_a
TEACHING DIVERSITY AND SOCIAL JUSTICE
_c
ADAMS.M
942
_2
udc
_c
BK
999
_c
33667
_d
33667